Dis manibus, pili, epitaffi et altre cose antiche di Giovannantonio Dosio: il codice N. A. 618 della Biblioteca Nazionale di Firenze
Gespeichert in:
| Hauptverfasser: | , |
|---|---|
| Format: | Buch |
| Sprache: | Italienisch |
| Veröffentlicht: |
Pisa
Edizioni ETS
2011
|
| Ausgabe: | 1a. ed |
| Schlagworte: | |
| Tags: |
Tag hinzufügen
Keine Tags, Fügen Sie den ersten Tag hinzu!
|
MARC
| LEADER | 00000cam a2200000 a 4500 | ||
|---|---|---|---|
| 001 | UCD8870 | ||
| 003 | CL-VaPUC | ||
| 008 | 170527e20110000it |||||||||||||||||ita|d | ||
| 020 | |a 9788846731203 | ||
| 082 | 0 | 4 | |a 411.7 |b GRI |2 21 |
| 100 | |a Tedeschi Grisanti, Giovanna |e author |9 592433 | ||
| 700 | 0 | |a Solin, Heikki |e author |9 592434 | |
| 245 | 1 | 0 | |a Dis manibus, pili, epitaffi et altre cose antiche di Giovannantonio Dosio: il codice N. A. 618 della Biblioteca Nazionale di Firenze |
| 250 | |a 1a. ed | ||
| 300 | |a 509 p | ||
| 942 | |c BK | ||
| 945 | |d 20170527 00:32:00 |a arojas | ||
| 260 | |a Pisa |b Edizioni ETS |c 2011 | ||
| 650 | 0 | |a Catálogos |9 256258 | |
| 650 | 7 | |a EPIGRAFIA |2 CL-VaPUC |9 340320 | |
| 650 | 7 | |a EPIGRAFIA LATINA |2 CL-VaPUC |9 439909 | |
| 650 | 0 | |a Escrituras antiguas |9 340321 | |
| 583 | |a last modification |c 20170527 00:32:00 |k Rodrigo Vera | ||
| 999 | |c 368178 |d 368176 | ||
| 952 | |0 0 |1 0 |3 erb |4 0 |6 411_700000000000000_GRI_2011 |7 0 |8 A |9 483449 |a FDOLAF |b FDOLAF |e Laffi, Umberto, 1939- |i 5391792 |o 411.7 GRI 2011 |p 5391792 |r 2024-01-30 |w 2019-11-24 |y BK |z Catalogado en:20170527 |k LAF | ||